Understanding and Reporting Human Capital : in an Era of Integrated Thinking. (Record no. 4081)

MARC details
005 - DATE AND TIME OF LATEST TRANSACTION
control field 20250614125223.0
020 ## - INTERNATIONAL STANDARD BOOK NUMBER
International Standard Book Number 978-1-7775703-8-5
082 ## - DEWEY DECIMAL CLASSIFICATION NUMBER
Classification number 338.096 SHE
100 ## - MAIN ENTRY--PERSONAL NAME
Author name SHEPHERD, N.
245 ## - TITLE STATEMENT
Title Understanding and Reporting Human Capital : in an Era of Integrated Thinking.
260 ## - PUBLICATION, DISTRIBUTION, ETC.
Place of publication, distribution, etc. Canada,
Name of publisher, distributor, etc. Eduvision Inc
Date of publication, distribution, etc. 2021.
300 ## - PHYSICAL DESCRIPTION
Extent ix, 269p.: ill.; figure, table
Other physical details Bibliography
Dimensions 22cm.
942 ## - ADDED ENTRY ELEMENTS (KOHA)
Source of classification or shelving scheme Dewey Decimal Classification
Koha item type Books
Holdings
Date last seen Total checkouts Full call number Barcode Cost, replacement price Price effective from Koha item type Lost status Source of classification or shelving scheme Damaged status Not for loan Withdrawn status Home library Current library Shelving location Date acquired Cost, normal purchase price
06/14/2025   LECT 338.096 SHE 00000013040 219596.82 06/14/2025 Books   Dewey Decimal Classification       College of Business Education Main Library College of Business Education Main Library General Collection 09/17/2024 73198.94
06/14/2025   LECT 338.096 SHE 00000013041 219596.82 06/14/2025 Books   Dewey Decimal Classification       College of Business Education Main Library College of Business Education Main Library General Collection 09/17/2024 73198.94
06/14/2025   LECT 338.096 SHE 00000013042 219596.82 06/14/2025 Books   Dewey Decimal Classification       College of Business Education Main Library College of Business Education Main Library General Collection 09/17/2024 73198.94
06/14/2025   LECT 338.096 SHE 00000013043 219596.82 06/14/2025 Books   Dewey Decimal Classification       College of Business Education Main Library College of Business Education Main Library General Collection 09/17/2024 73198.94